State-capital relations in voluntary environmental improvement /
El articulo toca el tema de la relación entre medio ambiente y sociedad, desde aspectos teóricos como ecología marxista y modernidad y ecología. Asimismo, la relación de los estados y las organizaciones ambientalistas
Zapisane w:
| 1. autor: | |
|---|---|
| Kolejni autorzy: | |
| Format: | Texto |
| Hasła przedmiotowe: | |
| Etykiety: |
Dodaj etykietę
Nie ma etykietki, Dołącz pierwszą etykiete!
|
MARC
| LEADER | 00000 a a2200000 04500 | ||
|---|---|---|---|
| 001 | 4774 | ||
| 003 | |||
| 040 | |||
| 100 | |a Mackendrick, Norah A. | ||
| 245 | |a State-capital relations in voluntary environmental improvement / |c Norah A. Mackendrick | ||
| 520 | |a El articulo toca el tema de la relación entre medio ambiente y sociedad, desde aspectos teóricos como ecología marxista y modernidad y ecología. Asimismo, la relación de los estados y las organizaciones ambientalistas | ||
| 650 | |a ECOLOGIA | ||
| 650 | |a MARXISMO | ||
| 650 | |a POLITICA MEDIOAMBIENTAL | ||
| 650 | |a SOCIOLOGIA | ||
| 650 | |a TEORIA | ||
| 700 | |a Davidson, Debra J. | ||
| 773 | |g volumen 55, número 5; páginas 674-695 | ||
| 999 | |c 21799 |d 21799 | ||
